| 000 | 01135naa a2200301 c 4500 | ||
|---|---|---|---|
| 001 | 43579 | ||
| 003 | ES-MaCES | ||
| 005 | 20130128091600.0 | ||
| 008 | 130128n2012 sp t 000 | spa d | ||
| 035 | _aCES20130000235v | ||
| 040 |
_aES-MaCES _bspa _cES-MaCES |
||
| 100 | 1 |
_aCraig, Paul _910128 |
|
| 245 | 1 | 3 |
_aLa externalización de funciones públicas, la ley británica de derechos humanos y el alcance del control judicial _cPaul Craig |
| 500 | _aResumen en español e inglés | ||
| 650 | 4 |
_aReino Unido _926967 |
|
| 650 | 4 |
_aprocedimiento judicial _929889 |
|
| 650 | 4 |
_alegislación _927153 |
|
| 650 | 4 |
_aderechos humanos _927171 |
|
| 650 | 4 |
_aempresa privada _927145 |
|
| 650 | 4 |
_asubcontratación _928256 |
|
| 650 | 4 |
_acombinación de sector público y privado _930718 |
|
| 650 | 4 |
_afunción pública _927225 |
|
| 653 | 1 | 0 | _aAdministración-Instituciones públicas |
| 773 | 0 |
_tRevista española de Derecho administrativo _gn. 154 (abr.-junio 2012){10039 R. 082184}; p. 49-70 _w(ES-MaCES)25059 _932289 |
|
| 902 | _aART Artículo de revista | ||
| 942 |
_2CES _cAR _h6.3. |
||
| 999 |
_c43579 _d43579 |
||